| 000 | 00522nam a2200169 i 4500 | ||
|---|---|---|---|
| 001 | 72782 | ||
| 003 | ES-MaACL | ||
| 007 | t| | ||
| 008 | 040903s1975 sp ||||1| spa d | ||
| 100 | 1 |
_aGodelier, Maurice. _957517 |
|
| 245 | 1 | 0 |
_aTeoría marxista de las sociedades precapitalistas / _cMaurice Godelier ; [traducción de José Mª Castillo]. |
| 250 | _a[2ª ed.]. | ||
| 260 |
_aBarcelona : _bLaia, _c1975. |
||
| 300 |
_a161 p. ; _c19 cm. |
||
| 700 | 1 |
_aCastillo, José M. _936698 |
|
| 852 |
_aES-MaACL _jE-80342 _bR.92186 |
||
| 999 |
_c72782 _d72782 |
||